Co-operatives and collective action : Case of a rubber grower co-operative in East Garo Hills in Meghalaya, North East India. Working paper No.189 (Record no. 44490)

MARC details
000 -LEADER
fixed length control field 00435nam a2200109Ia 4500
082 ## - DEWEY DECIMAL CLASSIFICATION NUMBER
Classification number NR:334.4(540.17)
Item number VIS
100 ## - MAIN ENTRY--AUTHOR NAME
Personal name VISWANATHAN, P K
245 #0 - TITLE STATEMENT
Title Co-operatives and collective action : Case of a rubber grower co-operative in East Garo Hills in Meghalaya, North East India. Working paper No.189
260 ## - PUBLICATION, DISTRIBUTION, ETC. (IMPRINT)
Place of publication Gujarat Institute of Development Research
Name of publisher Ahmedabad;2008
942 ## - ADDED ENTRY ELEMENTS (KOHA)
Koha item type Books
Holdings
Withdrawn status Lost status Damaged status Not for loan Home library Current library Date acquired Source of acquisition Full call number Accession Number Koha item type
        RRII Library RRII Library 16/12/2021 Gift NR:334.4(540.17) VIS G01236 Books